| 000 | 01330nam0a22004691 4500 | ||
|---|---|---|---|
| 001 | RU\NLR\A1SV\27968 | ||
| 005 | 20260405153143.0 | ||
| 035 | _a(NLR Aleph) 009711907 | ||
| 090 |
_a9837507 _c9837507 |
||
| 100 | _a19800413d1922 u y0rusy50 ca | ||
| 101 | 1 |
_arus _cger |
|
| 102 | _aRU | ||
| 200 | 1 |
_aВоспоминания Гинденбурга _fСокращ. пер. с нем. Л.Щегло |
|
| 210 |
_aПг. _cМысль _d1922 |
||
| 215 |
_a120 с. _d24 см |
||
| 620 | _dСанкт-Петербург | ||
| 700 | 1 |
_aГинденбург _bП. фон _f1847-1934 _gПауль фон _4070 |
|
| 702 | 1 |
_4070 _7ca _8rus _aЩегло _bЛ. В. _f1878-1938 _gЛидия Васильевна _947103 _3RU\NLR\AUTH\7764174 |
|
| 801 | 0 |
_aRU _bNLR _c19800413 |
|
| 852 |
_aNLR _jМф К1/10582 |
||
| 852 |
_aNLR _j37.77.4.164 |
||
| 899 | _aБАН | ||
| 899 | _aГОПБ | ||
| 899 | _aГММ Суворова | ||
| 899 | _aГПИБ | ||
| 899 | _aНБУВ | ||
| 899 | _aТОУНБ | ||
| 899 | _aИОГУНБ | ||
| 899 | _aРКП | ||
| 899 | _aМГУ | ||
| 899 | _aНБЛ КГУ | ||
| 899 | _aСПбГУ | ||
| 899 | _aНБ ННГУ | ||
| 899 | _aУОНБ | ||
| 899 | _aRR | ||
| 899 | _aНБ Эрм. | ||
| 899 | _aНБ Бел. | ||
| 899 | _aРГБ | ||
| 942 | _cBOOK | ||
| 980 | _aNB | ||
| 980 | _aA1SV | ||